00879 2200277 4500001002100000005001500021035002000036007000300056008004100059020002200100082001000122084001600132100002100148245018000169250001000349260003100359300003500390650001700425504003000442500001100472500004600483700002600529700002200555990001200577990001200589INLIS00000000001754620241112100606 a0010-1124000011ta241112 g 0 ind  a978-623-8698-04-2 aR.592 aR.592 HAR i0 aHARIS, Apriyanto1 aInvertebrata pada Modul Fish Shelter dan Transplantasi Karang :bProgram reklamasi laut PT TIMAH Tbk tahun 2018-2023 /cHaris Apriyanto, Indra Ambalika Syari, Maulimah Hudatwi acet.1 aBangka :bUBB Press,c2024 axi, 118 hal. :bilus. ;c21 cm 4aINVERTEBRATA aBibliografi : hal.115-116 aIndeks aUUB Press Bekerjasama dengan PT Timah Tbk0 aINDRA, Ambalika Syari0 aMAULIMAH, Hudatwi a12355 a a12355 a